00421nam a22001577a 4500010001500000020002200015035001300037037001500050082001100065100002400076245004000100260003800140270005700178300002500235700000300260 aENG-100762 c55.00a8177355767 aEN-84295 bDBAD / PUB a954.31 aR. Lakshminarayanan aChettinad /cby R. Lakshminarayanan aChennaibPavai Publicationsc2008 a142, Jani Jan Khan Road, RoyapettahbChennaie600014 a107 p. c24cm (Pbk)